Music Quiz

Random Music or Song Quiz

Grammy Record of the Year Quiz Stats

 Plays Quiz Updated Mar 15, 2021

Support Sporcle.
Go Orange.
Score 0/63 Timer 10:00
2 Plays Today
Year Winner % Correct
2017Adele
91.9%
1984Michael Jackson
90.3%
2012Adele
88.4%
2018Bruno Mars
84.2%
1978Eagles
83.6%
1999Celine Dion
82.5%
2006Green Day
81%
2008Amy Winehouse
78.7%
2001U2
78.5%
2002U2
78.5%
2021Billie Eilish
76.9%
1994Whitney Houston
76.2%
2004Coldplay
74.6%
2016Mark Ronson featuring Bruno Mars
74.4%
1988Paul Simon
74.2%
1969Simon and Garfunkel
72.1%
1971Simon and Garfunkel
72.1%
2020Billie Eilish
71.6%
1996Seal
70.5%
1993Eric Clapton
68.7%
1997Eric Clapton
68.7%
2014Daft Punk featuring Pharrell Williams & Nile Rodgers
64.4%
2019Childish Gambino
61.8%
2000Santana featuring Rob Thomas
61.4%
1985Tina Turner
61.4%
2013Gotye featuring Kimbra
60.9%
1967Frank Sinatra
55.7%
1995Sheryl Crow
53.8%
1990Bette Midler
53%
2015Sam Smith
51.4%
1972Carole King
46.8%
2005Ray Charles and Norah Jones
44%
Year Winner % Correct
1992Natalie Cole with Nat King Cole
43.2%
2003Norah Jones
42.6%
1974Roberta Flack
39.9%
1973Roberta Flack
39.9%
1991Phil Collins
39.4%
1979Billy Joel
37.3%
2007Dixie Chicks
36%
2010Kings Of Leon
35.8%
1983Toto
34.6%
1989Bobby McFerrin
34.5%
1975Olivia Newton-John
33.6%
1963Tony Bennett
31.6%
1987Steve Winwood
30.4%
1960Bobby Darin
30.2%
1982Kim Carnes
28.7%
1981Christopher Cross
27.7%
1986USA for Africa
25.6%
1980The Doobie Brothers
22.4%
1976Captain & Tennille
21.5%
1968The Fifth Dimension
21.2%
1970The Fifth Dimension
21.2%
1998Shawn Colvin
21%
2011Lady Antebellum
20.9%
2009Robert Plant & Alison Krauss
16.3%
1962Henry Mancini
15.8%
1964Henry Mancini
15.8%
1965Stan Getz & João Gilberto
10.3%
1966Herb Alpert
9.9%
1977George Benson
7.8%
1961Percy Faith
7.1%
1959Domenico Modugno
3.7%

From the Vault

Hidden Neighbors of Alabama

by smac17

Geography 30s
Hiding from your neighbors is pretty hard. They know where you live.
Remove Ads.
Support Sporcle.
Get the best of Sporcle when you Go Orange. This ad-free experience offers more features, more stats, and more fun while also helping to support Sporcle. Thank you for becoming a member.

Show Comments

Extras

Top Quizzes Today


Score Distribution

Your Account Isn't Verified!

In order to create a playlist on Sporcle, you need to verify the email address you used during registration. Go to your Sporcle Settings to finish the process.

Report this User

Report this user for behavior that violates our Community Guidelines.

Details: